|
|
|
|
| LEADER |
00000cam a2200000 7i4500 |
| 001 |
0000005674 |
| 005 |
20220817093000.0 |
| 008 |
021119s1985 |
| 090 |
0 |
0 |
|a BP77.5
|b .A25 1985
|
| 100 |
0 |
|
|a ابو خليل، شوقي ,
|e author
|
| 245 |
1 |
2 |
|a الهجرة :
|b حدث غير مجرى التاريخ
|c شوقي ابو خليل
|
| 260 |
2 |
|
|a Dimashq :
|b Dar al-Fikr ,
|c 1985
|
| 300 |
|
|
|a 134 p. ;
|c 24 cm.
|
| 600 |
0 |
0 |
|a Muhammad ,
|c Prophet ,
|d d. 632
|x Hijrah
|
| 745 |
0 |
3 |
|a al-Hijrah: hadath ghayr majra al-tarikh
|
| 999 |
|
|
|a 1000016055
|b Book
|c OPEN SHELF (30 DAYS)
|e Gong Badak Campus
|
| 999 |
|
|
|a 1000059765
|b Book
|c OPEN SHELF (30 DAYS)
|e Gong Badak Campus
|